Vol. 2 Núm. 1 (2015): Revie - Revista de Investigación y Evaluación Educativa (Record no. 12512)

MARC details
000 -LEADER
campo de control de longitud fija 00609nam a22001457a 4500
003 - IDENTIFICADOR DE NÚMERO DE CONTROL
campo de control OSt
005 - FECHA Y HORA DE LA ÚLTIMA TRANSACCIÓN
campo de control 20250228112219.0
008 - DATOS DE LONGITUD FIJA--INFORMACIÓN GENERAL
campo de control de longitud fija 250228b2015 dr a||||dip|| 001 0 spa d
022 ## - NÚMERO INTERNACIONAL NORMALIZADO PARA PUBLICACIONES SERIADAS
Número Internacional Normalizado para Publicaciones Seriadas ONLINE: 2409-1553
040 ## - FUENTE DE CATALOGACIÓN
Centro catalogador/agencia de origen CGID0032
Lengua de catalogación spa
Centro/agencia transcriptor CGID0032
Normas de descripción rda
245 ## - MENCIÓN DEL TÍTULO
Título Vol. 2 Núm. 1 (2015): Revie - Revista de Investigación y Evaluación Educativa
Mención de responsabilidad, etc. Instituto Dominicano de Evaluación e Investigación de la Calidad Educativa (IDEICE)
260 ## - PUBLICACIÓN, DISTRIBUCIÓN, ETC.
Lugar de publicación, distribución, etc. Santo Domingo :
Nombre del editor, distribuidor, etc. Instituto Dominicano de Evaluación e Investigación de la Calidad Educativa (IDEICE)
Fecha de publicación, distribución, etc. 2015
300 ## - DESCRIPCIÓN FÍSICA
Extensión 73p.
942 ## - ELEMENTOS DE ENTRADA SECUNDARIOS (KOHA)
Fuente de la clasificación o esquema de estantería Clasificación Decimal Dewey
Tipo de ítem Koha Revistas
Edición Vol. 2 Núm. 1
Suprimir en OPAC No
Holdings
Estatus retirado Estado de pérdida Fuente de la clasificación o esquema de estantería Estado de daño No para préstamo Biblioteca de origen Biblioteca actual Fecha de adquisición Total de préstamos Visto por última vez Identificador uniforme de recursos Precio de reemplazo Tipo de ítem Koha
    Clasificación Decimal Dewey     Repositorio IDEICE Repositorio IDEICE 28/02/2025   28/02/2025 https://revie.gob.do/index.php/revie/issue/view/15 28/02/2025 Revistas

© 2024. Todos los Derechos Reservados. Desarrollado por IDEICE